000
00298nam a2200109Ia 4500
008
160531s9999 xx 000 0 und d
100
_a
McWeeny, Roy.
245
_a
Space: from Euclid to Einstein
245
_c
by Roy McWeeny
260
_c
2011
856
_u
http://www.learndev.org/dl/Science/WB2.pdf
999
_c
295278
_d
295278